| 000 | 00365nam a2200145Ia 4500 | ||
|---|---|---|---|
| 008 | 220217s9999||||xx |||||||||||||| ||und|| | ||
| 020 | _a9780415469593 | ||
| 082 | _a624.15 | ||
| 100 | _aWaltham, Tony | ||
| 245 | 0 | _aFoundations of engineering geology | |
| 250 | _a3rd | ||
| 260 |
_aspoon press _bAbingdon _c2009 |
||
| 300 |
_a98p. _b485 |
||
| 650 | _aGEOLOGY | ||
| 999 |
_c186383 _d186383 |
||